HORMONES IN OBSTETRICS & GYNAECOLOGY. (Record no. 1187325)

MARC details
000 -LEADER
fixed length control field 00444nam a2200169Ia 4500
008 - FIXED-LENGTH DATA ELEMENTS--GENERAL INFORMATION
fixed length control field 240830s2007 xx 000 0 und d
041 ## - LANGUAGE CODE
Language code of text/sound track or separate title eng
082 ## - DEWEY DECIMAL CLASSIFICATION NUMBER
Classification number 618.1/ZUT
100 ## - MAIN ENTRY--PERSONAL NAME
Personal name ZUTSHI V/RATHORE/SHARMA.
245 ## - TITLE STATEMENT
Title HORMONES IN OBSTETRICS & GYNAECOLOGY.
250 ## - EDITION STATEMENT
Edition statement 2
260 ## - PUBLICATION, DISTRIBUTION, ETC.
Place of publication, distribution, etc. PUNE
Name of publisher, distributor, etc. JAYPEE BROTHERS
Date of publication, distribution, etc. 2007
300 ## - PHYSICAL DESCRIPTION
Extent 165p
650 ## - SUBJECT ADDED ENTRY--TOPICAL TERM
Topical term or geographic name entry element GYNAECOLOGY
906 ## - LOCAL DATA ELEMENT F, LDF (RLIN)
a HORMONES IN OBSTETRICS & GYNAECOLOGY.

No items available.